Derecho bancario y operaciones de crédito / (Record no. 87907)
[ view plain ]
| 000 -LEADER | |
|---|---|
| fixed length control field | 00610nam a22001817a 4500 |
| 005 - DATE AND TIME OF LATEST TRANSACTION | |
| control field | 20150206102940.0 |
| 008 - FIXED-LENGTH DATA ELEMENTS--GENERAL INFORMATION | |
| fixed length control field | 150129b mx||||| |||| 00| 0 spa d |
| 020 ## - INTERNATIONAL STANDARD BOOK NUMBER | |
| International Standard Book Number | 9786070912313 |
| 050 04 - LIBRARY OF CONGRESS CALL NUMBER | |
| Classification number | KGF1149 |
| Item number | G89 2012 |
| 100 1# - MAIN ENTRY--PERSONAL NAME | |
| Personal name | Guzmán Holguín, Rogelio |
| 245 10 - TITLE STATEMENT | |
| Title | Derecho bancario y operaciones de crédito / |
| Statement of responsibility, etc | Rogelio Guzmán Holguín. |
| 250 ## - EDITION STATEMENT | |
| Edition statement | 4a ed. act. |
| 260 ## - PUBLICATION, DISTRIBUTION, ETC. (IMPRINT) | |
| Place of publication, distribution, etc | México : |
| Name of publisher, distributor, etc | Porrúa : Instituto Internacional del Derecho y del Estado, |
| Date of publication, distribution, etc | 2012 |
| 300 ## - PHYSICAL DESCRIPTION | |
| Extent | xxxiv, 460 p. ; |
| Dimensions | 23 cm. |
| 504 ## - BIBLIOGRAPHY, ETC. NOTE | |
| Bibliography, etc | Bibliografía : p. 451 - 460 |
| 650 #7 - SUBJECT ADDED ENTRY--TOPICAL TERM | |
| Source of heading or term | Lemb |
| Topical term or geographic name as entry element | Derecho bancario |
| Geographic subdivision | México |
| 942 ## - ADDED ENTRY ELEMENTS (KOHA) | |
| Source of classification or shelving scheme | Biblioteca del Cogreso de los Estados Unidos |
| Koha item type | Libro |
| Estado de pérdida | Fuente de clasificación | Estado del daño | No para préstamo | Ubicación permanente | Ubicación actual | Apartado o colección | Fecha de adquisición | Fuente de adquisición | Edición | Enumeración de Serie / Cronológica | Área del conocimiento | Clasificación | Código de Barras | Date last seen | Número de copia | Tipo de recurso | Total Checkouts | Date checked out |
|---|---|---|---|---|---|---|---|---|---|---|---|---|---|---|---|---|---|---|
| Biblioteca del Cogreso de los Estados Unidos | Biblioteca de la Facultad de Derecho y Ciencias Sociales "Felipe J. Tena" | Biblioteca de la Facultad de Derecho y Ciencias Sociales "Felipe J. Tena" | General | 29/01/2015 | Dirección General de Bibliotecas Generico | 4a ed. | BFD000006000 | Ciencias Sociales y Administrativas | KGF1149 G89 2012 4A ED. | BFD000006000 | 29/01/2015 | 1 | Libro | |||||
| Biblioteca del Cogreso de los Estados Unidos | Biblioteca de la Facultad de Derecho y Ciencias Sociales "Felipe J. Tena" | Biblioteca de la Facultad de Derecho y Ciencias Sociales "Felipe J. Tena" | General | 03/02/2015 | Dirección General de Bibliotecas Generico | 4a ed. | BFD000006001 | Ciencias Sociales y Administrativas | KGF1149 G89 2012 4A ED. | BFD000006001 | 11/11/2025 | 2 | Libro | 2 | 11/11/2025 |